[Event "DVM U12 2023"]
[Site "Magdeburg GER"]
[Date "2023.12.27"]
[Round "1"]
[White "Kovalenko, Andrii"]
[Black "Svanidze, Alexander"]
[Result "1-0"]
[Termination "normal"]
[Board "9.3"]
[WhiteElo "1170"]
[BlackElo "1441"]
[WhiteClock "01:20:28"]
[BlackClock "00:16:18"]
[WhiteTeam "SF Brackel 1930"]
[BlackTeam "SC Borussia Lichtenberg"]
[PlyCount "159"]
[WhiteFideId "34681795"]
[BlackFideId "34623469"]
[EventCountry "GER"]
[EventRounds "7"]
[EventType "team-swiss"]
[EventDate "2023.12.26"]

1. e4 {[%clk 01:30:58]} {[%emt 08:26:23]} e5 {[%clk 01:30:56]} {[%emt
00:00:05]} 2. Nf3 {[%clk 01:31:25]} {[%emt 00:00:03]} Nc6 {[%clk 01:31:17]}
{[%emt 00:00:09]} 3. Bc4 {[%clk 01:31:42]} {[%emt 00:00:13]} Bc5 {[%clk
01:31:31]} {[%emt 00:00:15]} 4. Nc3 {[%clk 01:32:05]} {[%emt 00:00:07]} d6
{[%clk 01:31:37]} {[%emt 00:00:24]} 5. d3 {[%clk 01:32:27]} {[%emt 00:00:08]}
Bg4 {[%clk 01:31:42]} {[%emt 00:00:26]} 6. h3 {[%clk 01:32:43]} {[%emt
00:00:14]} Bh5 {[%clk 01:31:58]} {[%emt 00:00:13]} 7. g4 {[%clk 01:32:58]}
{[%emt 00:00:14]} Bg6 {[%clk 01:32:21]} {[%emt 00:00:07]} 8. h4 {[%clk
01:33:12]} {[%emt 00:00:16]} h6 {[%clk 01:32:24]} {[%emt 00:00:28]} 9. h5
{[%clk 01:33:32]} {[%emt 00:00:11]} Bh7 {[%clk 01:32:37]} {[%emt 00:00:16]} 10.
g5 {[%clk 01:32:55]} {[%emt 00:01:07]} hxg5 {[%clk 01:23:04]} {[%emt 00:10:03]}
11. Nxg5 {[%clk 01:33:17]} {[%emt 00:00:08]} Nh6 {[%clk 01:23:22]} {[%emt
00:00:11]} 12. Qf3 {[%clk 01:31:12]} {[%emt 00:02:35]} Qf6 {[%clk 01:21:51]}
{[%emt 00:02:02]} 13. Qxf6 {[%clk 01:31:05]} {[%emt 00:00:37]} gxf6 {[%clk
01:22:08]} {[%emt 00:00:13]} 14. Nxh7 {[%clk 01:31:31]} {[%emt 00:00:05]} Rxh7
{[%clk 01:21:59]} {[%emt 00:00:38]} 15. Nd5 {[%clk 01:31:54]} {[%emt 00:00:07]}
O-O-O {[%clk 01:12:48]} {[%emt 00:09:41]} 16. Nxf6 {[%clk 01:32:10]} {[%emt
00:00:14]} Rhh8 {[%clk 01:12:54]} {[%emt 00:00:22]} 17. Nd5 {[%clk 01:30:52]}
{[%emt 00:01:49]} Nd4 {[%clk 01:07:49]} {[%emt 00:05:35]} 18. Kd1 {[%clk
01:30:11]} {[%emt 00:01:11]} Ng4 {[%clk 01:02:58]} {[%emt 00:05:21]} 19. Be3
{[%clk 01:29:36]} {[%emt 00:01:05]} Nf3 {[%clk 00:59:16]} {[%emt 00:04:11]} 20.
Ke2 {[%clk 01:28:10]} {[%emt 00:01:56]} Nd4+ {[%clk 00:56:24]} {[%emt
00:03:22]} 21. Bxd4 {[%clk 01:28:22]} {[%emt 00:00:18]} Bxd4 {[%clk 00:56:48]}
{[%emt 00:00:06]} 22. Rh4 {[%clk 01:26:53]} {[%emt 00:01:59]} Nh6 {[%clk
00:53:26]} {[%emt 00:03:49]} 23. c3 {[%clk 01:26:35]} {[%emt 00:00:51]} Bb6
{[%clk 00:51:54]} {[%emt 00:02:02]} 24. Nxb6+ {[%clk 01:26:55]} {[%emt
00:00:10]} axb6 {[%clk 00:52:09]} {[%emt 00:00:15]} 25. f4 {[%clk 01:27:09]}
{[%emt 00:00:16]} Rdg8 {[%clk 00:42:10]} {[%emt 00:10:28]} 26. Rf1 {[%clk
01:25:46]} {[%emt 00:01:53]} Rg2+ {[%emt 00:07:14]} 27. Rf2 {[%clk 01:25:58]}
{[%emt 00:00:16]} Rxf2+ {[%clk 00:33:16]} {[%emt 00:02:43]} 28. Kxf2 {[%clk
01:26:22]} {[%emt 00:00:06]} Kd7 {[%clk 00:31:49]} {[%emt 00:01:57]} 29. fxe5
{[%clk 01:26:04]} {[%emt 00:00:48]} dxe5 {[%clk 00:32:02]} {[%emt 00:00:17]}
30. Ke3 {[%clk 01:26:21]} {[%emt 00:00:13]} f5 {[%clk 00:31:17]} {[%emt
00:01:15]} 31. d4 {[%clk 01:24:20]} {[%emt 00:02:32]} Kd6 {[%clk 00:24:46]}
{[%emt 00:07:00]} 32. Bd3 {[%clk 01:19:56]} {[%emt 00:04:55]} Rf8 {[%clk
00:21:19]} {[%emt 00:03:57]} 33. exf5 {[%clk 01:18:08]} {[%emt 00:02:18]} Rxf5
{[%clk 00:19:44]} {[%emt 00:02:05]} 34. dxe5+ {[%clk 01:18:11]} {[%emt
00:00:27]} Rxe5+ {[%clk 00:20:00]} {[%emt 00:00:15]} 35. Re4 {[%clk 01:18:33]}
{[%emt 00:00:07]} Rxh5 {[%clk 00:16:31]} {[%emt 00:03:59]} 36. Rd4+ {[%clk
01:18:32]} {[%emt 00:00:30]} Rd5 {[%clk 00:16:40]} {[%emt 00:00:20]} 37. Rxd5+
{[%clk 01:18:51]} {[%emt 00:00:12]} Kxd5 {[%clk 00:16:50]} {[%emt 00:00:20]}
38. Be4+ {[%clk 01:19:16]} {[%emt 00:00:06]} Kd6 {[%clk 00:15:31]} {[%emt
00:01:48]} 39. Bxb7 {[%clk 01:19:34]} {[%emt 00:00:12]} Ng4+ {[%clk 00:15:17]}
{[%emt 00:00:44]} 40. Kd4 {[%clk 01:19:41]} {[%emt 00:00:23]} Ne5 {[%clk
00:13:49]} {[%emt 00:01:58]} 41. b4 {[%clk 01:19:26]} {[%emt 00:00:46]} c5+
{[%clk 00:13:31]} {[%emt 00:00:47]} 42. bxc5+ {[%clk 01:19:38]} {[%emt
00:00:18]} bxc5+ {[%clk 00:13:52]} {[%emt 00:00:08]} 43. Ke4 {[%clk 01:19:56]}
{[%emt 00:00:13]} Nc4 {[%clk 00:14:04]} {[%emt 00:00:18]} 44. a4 {[%clk
01:19:06]} {[%emt 00:01:21]} Na5 {[%clk 00:14:14]} {[%emt 00:00:19]} 45. Ba6
{[%clk 01:19:12]} {[%emt 00:00:25]} Nc6 {[%clk 00:14:03]} {[%emt 00:00:40]} 46.
Kd3 {[%clk 01:18:27]} {[%emt 00:01:17]} Na5 {[%clk 00:14:18]} {[%emt 00:00:14]}
47. Bb5 {[%clk 01:18:28]} {[%emt 00:00:29]} Kd5 {[%clk 00:13:28]} {[%emt
00:01:20]} 48. Ke3 {[%clk 01:17:54]} {[%emt 00:01:03]} Kd6 {[%clk 00:13:45]}
{[%emt 00:00:14]} 49. Ke4 {[%clk 01:17:56]} {[%emt 00:00:28]} Nb7 {[%clk
00:14:05]} {[%emt 00:00:10]} 50. Kf5 {[%clk 01:17:10]} {[%emt 00:01:16]} Na5
{[%clk 00:13:55]} {[%emt 00:00:40]} 51. Kf6 {[%clk 01:17:09]} {[%emt 00:00:31]}
Kc7 {[%clk 00:14:01]} {[%emt 00:00:24]} 52. Ke6 {[%clk 01:17:11]} {[%emt
00:00:29]} Kb6 {[%clk 00:14:11]} {[%emt 00:00:19]} 53. Kd6 {[%clk 01:17:22]}
{[%emt 00:00:18]} Nb7 {[%clk 00:14:18]} {[%emt 00:00:24]} 54. Kd5 {[%clk
01:17:23]} {[%emt 00:00:29]} Na5 {[%clk 00:14:32]} {[%emt 00:00:16]} 55. Be8
{[%clk 01:16:31]} {[%emt 00:01:19]} Nb7 {[%clk 00:14:41]} {[%emt 00:00:24]} 56.
Bc6 {[%clk 01:15:51]} {[%emt 00:01:09]} Na5 {[%clk 00:14:56]} {[%emt 00:00:16]}
57. Ba8 {[%clk 01:16:00]} {[%emt 00:00:21]} Nb3 {[%clk 00:14:50]} {[%emt
00:00:35]} 58. Kc4 {[%clk 01:16:04]} {[%emt 00:00:26]} Na5+ {[%clk 00:15:05]}
{[%emt 00:00:15]} 59. Kd3 {[%clk 01:16:23]} {[%emt 00:00:11]} Nb3 {[%clk
00:15:19]} {[%emt 00:00:16]} 60. Kc4 {[%clk 01:16:14]} {[%emt 00:00:39]} Na5+
{[%clk 00:15:37]} {[%emt 00:00:12]} 61. Kd5 {[%clk 01:16:19]} {[%emt 00:00:25]}
Nb3 {[%clk 00:15:50]} {[%emt 00:00:17]} 62. Kd6 {[%clk 01:16:41]} {[%emt
00:00:09]} Na5 {[%clk 00:16:08]} {[%emt 00:00:12]} 63. Bd5 {[%clk 01:17:01]}
{[%emt 00:00:09]} Nc4 {[%clk 00:12:22]} {[%emt 00:04:17]} 64. Bxc4 {[%clk
01:17:16]} {[%emt 00:00:15]} Ka7 {[%clk 00:12:47]} {[%emt 00:00:05]} 65. Kxc5
{[%clk 01:17:26]} {[%emt 00:00:20]} Kb7 {[%clk 00:12:57]} {[%emt 00:00:19]} 66.
Kd6 {[%clk 01:17:39]} {[%emt 00:00:17]} Kb6 {[%clk 00:13:15]} {[%emt 00:00:12]}
67. Bb5 {[%clk 01:17:54]} {[%emt 00:00:15]} Ka7 {[%clk 00:13:28]} {[%emt
00:00:18]} 68. c4 {[%clk 01:18:10]} {[%emt 00:00:14]} Kb6 {[%clk 00:13:44]}
{[%emt 00:00:13]} 69. c5+ {[%clk 01:18:34]} {[%emt 00:00:06]} Kb7 {[%clk
00:14:07]} {[%emt 00:00:08]} 70. c6+ {[%clk 01:18:35]} {[%emt 00:00:29]} Kc8
{[%clk 00:14:16]} {[%emt 00:00:21]} 71. Ba6+ {[%clk 01:18:53]} {[%emt
00:00:13]} Kd8 {[%clk 00:14:21]} {[%emt 00:00:24]} 72. c7+ {[%clk 01:19:11]}
{[%emt 00:00:11]} Ke8 {[%clk 00:14:45]} {[%emt 00:00:07]} 73. c8=Q+ {[%emt
00:00:09]} Kf7 {[%emt 00:00:10]} 74. Qe6+ {[%clk 01:19:05]} {[%emt 00:00:16]}
Kg7 {[%clk 00:15:07]} {[%emt 00:00:09]} 75. Qf5 {[%clk 01:19:23]} {[%emt
00:00:12]} Kh6 {[%clk 00:15:21]} {[%emt 00:00:16]} 76. Qg4 {[%clk 01:19:21]}
{[%emt 00:00:31]} Kh7 {[%clk 00:15:36]} {[%emt 00:00:16]} 77. Qg5 {[%clk
01:19:40]} {[%emt 00:00:10]} Kh8 {[%clk 00:15:41]} {[%emt 00:00:26]} 78. Ke7
{[%clk 01:20:05]} {[%emt 00:00:06]} Kh7 {[%clk 00:15:57]} {[%emt 00:00:14]} 79.
Kf7 {[%clk 01:20:28]} {[%emt 00:00:06]} Kh8 {[%clk 00:16:18]} {[%emt 00:00:09]}
80. Qh5+ {[%emt 00:00:05]} 0-1

[Event "DVM U12 2023"]
[Site "Magdeburg GER"]
[Date "2023.12.27"]
[Round "1"]
[White "Borchert, Yuri"]
[Black "Zhou, Louis Yuchen"]
[Result "1-0"]
[Termination "normal"]
[Board "9.4"]
[WhiteElo "1179"]
[BlackElo "963"]
[WhiteClock "01:00:44"]
[BlackClock "00:35:59"]
[WhiteTeam "SC Borussia Lichtenberg"]
[BlackTeam "SF Brackel 1930"]
[PlyCount "49"]
[WhiteFideId "34626468"]
[BlackFideId "34649417"]
[EventCountry "GER"]
[EventRounds "7"]
[EventType "team-swiss"]
[EventDate "2023.12.26"]

1. d4 {[%emt 00:00:05]} d5 {[%emt 00:00:09]} 2. Nf3 {[%clk 01:30:08]} {[%emt
00:00:36]} Nf6 {[%clk 01:29:49]} {[%emt 00:01:08]} 3. e3 {[%clk 01:29:03]}
{[%emt 00:01:39]} a6 {[%emt 00:00:59]} 4. Bd3 {[%clk 01:29:03]} {[%emt
00:00:20]} Bg4 {[%clk 01:26:46]} 5. Nbd2 {[%clk 01:28:55]} {[%emt 00:02:51]} e6
{[%clk 01:25:49]} {[%emt 00:01:24]} 6. O-O {[%clk 01:28:11]} {[%emt 00:01:18]}
Nc6 {[%clk 01:22:01]} {[%emt 00:02:31]} 7. c3 {[%clk 01:26:15]} {[%emt
00:04:12]} e5 {[%clk 01:21:43]} {[%emt 00:00:48]} 8. dxe5 {[%clk 01:24:06]}
{[%emt 00:02:38]} Nxe5 {[%clk 01:21:49]} {[%emt 00:00:25]} 9. Be2 {[%clk
01:23:17]} {[%emt 00:01:19]} Ng6 {[%clk 01:15:48]} {[%emt 00:06:15]} 10. Qc2
{[%clk 01:19:49]} {[%emt 00:04:13]} Qe7 {[%clk 01:13:23]} {[%emt 00:02:51]} 11.
h3 {[%clk 01:18:53]} {[%emt 00:01:31]} Bf5 {[%clk 01:12:17]} {[%emt 00:01:07]}
12. Qxf5 {[%clk 01:17:59]} {[%emt 00:01:51]} Ne4 {[%clk 01:08:10]} {[%emt
00:04:37]} 13. Qxd5 {[%clk 01:16:41]} {[%emt 00:01:43]} Nxd2 {[%clk 01:06:42]}
{[%emt 00:02:05]} 14. Bxd2 {[%clk 01:16:31]} {[%emt 00:00:39]} c6 {[%clk
01:04:33]} {[%emt 00:02:39]} 15. Qb3 {[%clk 01:15:00]} {[%emt 00:01:59]} Rd8
{[%clk 01:00:49]} {[%emt 00:04:07]} 16. c4 {[%clk 01:12:34]} {[%emt 00:03:04]}
Ne5 {[%clk 01:00:08]} {[%emt 00:01:05]} 17. Bc3 {[%clk 01:10:57]} {[%emt
00:02:14]} Nd7 {[%emt 00:02:25]} 18. Qxb7 {[%emt 00:01:06]} Qe6 {[%clk
00:54:42]} {[%emt 00:02:24]} 19. Nd4 {[%clk 01:07:22]} {[%emt 00:04:04]} Qg6
{[%emt 00:01:49]} 20. Nxc6 {[%emt 00:00:30]} Nc5 {[%clk 00:51:34]} {[%emt
00:01:18]} 21. Qc7 {[%clk 01:05:48]} {[%emt 00:02:04]} Ne6 {[%clk 00:47:49]}
{[%emt 00:04:18]} 22. Rfd1 {[%clk 01:02:50]} {[%emt 00:03:26]} Qg5 {[%clk
00:45:19]} {[%emt 00:03:03]} 23. Rxd8+ {[%clk 01:00:44]} {[%emt 00:02:35]} Nxd8
{[%emt 00:00:32]} 24. Rd1 {[%emt 00:00:28]} Bd6 {[%clk 00:35:59]} {[%emt
00:08:50]} 25. Qxd6 {[%emt 00:00:23]} 1-0

[Event "DVM U12 2023"]
[Site "Magdeburg GER"]
[Date "2023.12.27"]
[Round "1"]
[White "Kovalyov, Dima"]
[Black "Shevchenko, Igor"]
[Result "1/2-1/2"]
[Termination "normal"]
[Board "10.1"]
[WhiteElo "1665"]
[BlackElo "1552"]
[WhiteClock "00:50:00"]
[BlackClock "00:10:29"]
[WhiteTeam "SG Solingen"]
[BlackTeam "Schachzwerge Magdeburg"]
[PlyCount "82"]
[WhiteFideId "34631631"]
[BlackFideId "34634924"]
[EventCountry "GER"]
[EventRounds "7"]
[EventType "team-swiss"]
[EventDate "2023.12.26"]

1. e4 {[%clk 01:30:59]} {[%emt 07:12:20]} c6 {[%clk 01:30:23]} {[%emt
00:00:37]} 2. Nc3 {[%clk 01:31:23]} {[%emt 00:00:05]} d5 {[%clk 01:30:41]}
{[%emt 00:00:13]} 3. Nf3 {[%clk 01:31:47]} {[%emt 00:00:07]} dxe4 {[%clk
01:30:49]} {[%emt 00:00:21]} 4. Nxe4 {[%clk 01:32:08]} {[%emt 00:00:08]} Nf6
{[%clk 01:31:03]} {[%emt 00:00:16]} 5. Qe2 {[%clk 01:32:32]} {[%emt 00:00:06]}
Nxe4 {[%clk 01:31:19]} {[%emt 00:00:14]} 6. Qxe4 {[%clk 01:32:56]} {[%emt
00:00:06]} Qa5 {[%clk 01:31:06]} {[%emt 00:00:43]} 7. Bc4 {[%clk 01:29:45]}
{[%emt 00:03:41]} Bf5 {[%clk 01:29:20]} {[%emt 00:02:16]} 8. Qf4 {[%clk
01:27:25]} {[%emt 00:02:48]} e6 {[%clk 01:27:39]} {[%emt 00:02:12]} 9. c3
{[%clk 01:26:14]} {[%emt 00:01:40]} Be7 {[%clk 01:24:43]} {[%emt 00:03:26]} 10.
d4 {[%clk 01:24:52]} {[%emt 00:01:53]} Nd7 {[%clk 01:21:50]} {[%emt 00:03:23]}
11. Bd2 {[%clk 01:23:23]} {[%emt 00:01:58]} h6 {[%clk 01:18:19]} {[%emt
00:04:01]} 12. Qe3 {[%clk 01:21:54]} {[%emt 00:02:00]} Qc7 {[%clk 01:14:07]}
{[%emt 00:04:42]} 13. Bd3 {[%clk 01:19:48]} {[%emt 00:02:36]} Bxd3 {[%clk
01:14:14]} {[%emt 00:00:24]} 14. Qxd3 {[%clk 01:20:11]} {[%emt 00:00:06]} O-O-O
{[%clk 01:14:30]} {[%emt 00:00:14]} 15. O-O-O {[%clk 01:19:39]} {[%emt
00:01:02]} g5 {[%clk 01:12:44]} {[%emt 00:02:15]} 16. Rhe1 {[%clk 01:16:28]}
{[%emt 00:03:41]} g4 {[%clk 01:11:54]} {[%emt 00:01:20]} 17. Ng1 {[%clk
01:15:22]} {[%emt 00:01:36]} h5 {[%clk 01:07:20]} {[%emt 00:05:04]} 18. g3
{[%clk 01:13:44]} {[%emt 00:02:07]} Rdg8 {[%clk 01:03:28]} {[%emt 00:04:22]}
19. Ne2 {[%clk 01:12:09]} {[%emt 00:02:05]} h4 {[%clk 00:57:12]} {[%emt
00:06:47]} 20. Bf4 {[%clk 01:11:46]} {[%emt 00:00:52]} Bd6 {[%clk 00:56:40]}
{[%emt 00:01:03]} 21. Bxd6 {[%clk 01:11:55]} {[%emt 00:00:22]} Qxd6 {[%clk
00:57:05]} {[%emt 00:00:05]} 22. Nf4 {[%clk 01:11:50]} {[%emt 00:00:35]} Nf8
{[%clk 00:55:58]} {[%emt 00:01:36]} 23. Qe3 {[%clk 01:11:02]} {[%emt 00:01:17]}
Ng6 {[%clk 00:53:53]} {[%emt 00:02:36]} 24. Nxg6 {[%clk 01:11:05]} {[%emt
00:00:27]} Rxg6 {[%clk 00:54:13]} {[%emt 00:00:10]} 25. gxh4 {[%clk 01:10:26]}
{[%emt 00:01:09]} Rxh4 {[%clk 00:50:12]} {[%emt 00:04:31]} 26. d5 {[%clk
01:08:52]} {[%emt 00:02:05]} cxd5 {[%clk 00:48:41]} {[%emt 00:02:01]} 27. Qxa7
{[%clk 01:09:03]} {[%emt 00:00:18]} Rxh2 {[%clk 00:45:21]} {[%emt 00:03:50]}
28. Re4 {[%clk 01:07:06]} {[%emt 00:02:27]} Qc6 {[%clk 00:30:11]} {[%emt
00:15:40]} 29. Rb4 {[%clk 01:03:34]} {[%emt 00:04:02]} Rgh6 {[%clk 00:18:07]}
{[%emt 00:12:34]} 30. Rxg4 {[%clk 00:59:38]} {[%emt 00:04:25]} Rh8 {[%clk
00:17:24]} {[%emt 00:01:17]} 31. Rdg1 {[%clk 00:58:59]} {[%emt 00:01:06]} Rh1
{[%clk 00:15:00]} {[%emt 00:02:54]} 32. Rxh1 {[%clk 00:57:43]} {[%emt
00:01:46]} Rxh1+ {[%clk 00:15:21]} {[%emt 00:00:09]} 33. Kd2 {[%clk 00:58:09]}
{[%emt 00:00:04]} Rh7 {[%clk 00:12:56]} {[%emt 00:02:54]} 34. Rg8+ {[%clk
00:58:23]} {[%emt 00:00:17]} Kd7 {[%clk 00:12:06]} {[%emt 00:01:20]} 35. Qb8
{[%clk 00:57:55]} {[%emt 00:00:56]} Qc7 {[%clk 00:11:49]} {[%emt 00:00:48]} 36.
Qe8+ {[%clk 00:58:05]} {[%emt 00:00:19]} Kd6 {[%clk 00:12:16]} {[%emt
00:00:04]} 37. Qf8+ {[%clk 00:53:34]} {[%emt 00:04:59]} Kc6 {[%clk 00:12:09]}
{[%emt 00:00:39]} 38. Qe8+ {[%clk 00:53:32]} {[%emt 00:00:32]} Kb6 {[%clk
00:12:09]} {[%emt 00:00:28]} 39. Rg4 {[%clk 00:53:36]} {[%emt 00:00:27]} Rh2
{[%clk 00:10:00]} {[%emt 00:02:40]} 40. Rb4+ {[%clk 00:53:21]} {[%emt
00:00:46]} Ka7 {[%clk 00:10:20]} {[%emt 00:00:09]} 41. Ra4+ {[%clk 00:50:00]}
{[%emt 00:03:50]} Kb6 {[%clk 00:10:29]} {[%emt 00:00:22]} 1/2-1/2

[Event "DVM U12 2023"]
[Site "Magdeburg GER"]
[Date "2023.12.27"]
[Round "1"]
[White "Fuchs, Jakob"]
[Black "Meijers, Janis"]
[Result "0-1"]
[Termination "normal"]
[Board "10.2"]
[WhiteElo "1155"]
[BlackElo "1418"]
[WhiteClock "00:51:52"]
[BlackClock "00:27:57"]
[WhiteTeam "Schachzwerge Magdeburg"]
[BlackTeam "SG Solingen"]
[PlyCount "46"]
[WhiteFideId "34684751"]
[BlackFideId "34143289"]
[EventCountry "GER"]
[EventRounds "7"]
[EventType "team-swiss"]
[EventDate "2023.12.26"]

1. e4 {[%clk 01:30:53]} {[%emt 00:00:07]} c6 {[%clk 01:30:47]} {[%emt
00:00:14]} 2. d4 {[%clk 01:31:03]} {[%emt 00:00:21]} d5 {[%clk 01:31:08]}
{[%emt 00:00:07]} 3. Nc3 {[%clk 01:31:09]} {[%emt 00:00:25]} dxe4 {[%clk
01:31:03]} {[%emt 00:00:35]} 4. Nxe4 {[%clk 01:31:06]} {[%emt 00:00:33]} Nf6
{[%clk 01:31:20]} {[%emt 00:00:13]} 5. Nxf6+ {[%clk 01:31:05]} {[%emt
00:00:33]} exf6 {[%clk 01:31:44]} {[%emt 00:00:04]} 6. Be3 {[%clk 01:24:23]}
{[%emt 00:07:12]} Bd6 {[%clk 01:30:24]} {[%emt 00:01:50]} 7. d5 {[%clk
01:20:46]} {[%emt 00:04:07]} cxd5 {[%clk 01:26:05]} {[%emt 00:04:50]} 8. Bb5+
{[%clk 01:20:24]} {[%emt 00:00:52]} Nc6 {[%clk 01:25:33]} {[%emt 00:01:02]} 9.
Qe2 {[%clk 01:19:47]} {[%emt 00:01:07]} Be6 {[%clk 01:25:37]} {[%emt 00:00:26]}
10. O-O-O {[%clk 01:19:43]} {[%emt 00:00:34]} O-O {[%clk 01:25:05]} {[%emt
00:01:01]} 11. Nf3 {[%clk 01:18:54]} {[%emt 00:01:19]} Rc8 {[%clk 01:23:43]}
{[%emt 00:01:51]} 12. h4 {[%clk 01:17:42]} {[%emt 00:01:43]} Nb4 {[%clk
01:11:50]} {[%emt 00:12:22]} 13. Nd4 {[%clk 01:15:36]} {[%emt 00:02:37]} Qa5
{[%clk 01:05:28]} {[%emt 00:06:52]} 14. a3 {[%clk 01:11:30]} {[%emt 00:04:36]}
Nxc2 {[%clk 01:02:14]} {[%emt 00:03:44]} 15. Nxc2 {[%clk 01:09:39]} {[%emt
00:02:20]} Bxa3 {[%clk 00:44:07]} {[%emt 00:18:37]} 16. Bd2 {[%clk 01:01:53]}
{[%emt 00:08:17]} Rxc2+ {[%clk 00:27:50]} {[%emt 00:16:47]} 17. Kxc2 {[%clk
01:00:43]} {[%emt 00:01:39]} Rc8+ {[%clk 00:27:21]} {[%emt 00:00:59]} 18. Kb3
{[%clk 00:55:22]} {[%emt 00:05:51]} d4+ {[%clk 00:27:08]} {[%emt 00:00:43]} 19.
Bc4 {[%clk 00:55:17]} {[%emt 00:00:35]} Bxc4+ {[%clk 00:27:02]} {[%emt
00:00:36]} 20. Qxc4 {[%clk 00:55:36]} {[%emt 00:00:11]} Qb6+ {[%clk 00:27:16]}
{[%emt 00:00:16]} 21. Kxa3 {[%clk 00:51:42]} {[%emt 00:04:24]} Rxc4 {[%clk
00:27:29]} {[%emt 00:00:17]} 22. Rc1 {[%clk 00:51:34]} {[%emt 00:00:39]} Qa6+
{[%clk 00:27:34]} {[%emt 00:00:24]} 23. Kb3 {[%clk 00:51:52]} {[%emt 00:00:12]}
Qa4# {[%clk 00:27:57]} {[%emt 00:00:07]} 0-1